| 000 | 00575ntaaa2200193 4500 | ||
|---|---|---|---|
| 003 | 01 | ||
| 005 | 20251027201535.0 | ||
| 008 | 0714s1973 ag 01 | ||
| 040 |
_aAR-BaBN _bspa _cAR-BaBN _eaacr _dRIC |
||
| 082 | _a227.8000 F84 | ||
| 100 |
_aFrame, James Everett _914041 |
||
| 245 | _aCritical and Exegetical Commentary on the Epistles of St. Paul to the Thessalonians | ||
| 250 |
_a1 ed. : _bT. y T. Clark, _cc1953 |
||
| 300 | _a326 p. | ||
| 650 | _aBiblia-Nuevo Testamento-Tesalonicenses | ||
| 650 |
_aN.T.-Tesalonicenses _914042 |
||
| 650 | _aTesalonicenses | ||
| 942 | _cBK | ||
| 999 |
_c10001 _d10001 |
||